000 00773cam a2200253 4500
008 090401t1988 xxu||||| |||| 00| 0 eng d
020 _a0854063773
035 _a(Sirsi) u46350
041 _aeng
050 _a631.1025
090 _aRICS 1988/17 ABCD
110 _aRoyal Institution of Chartered Surveyors
_94900
245 _aDirectory of farm business management consultants
260 _aLondon
_bRoyal Institution of Chartered Surveyors
_c1988
300 _a43p. ; 30cm.
350 _a4.5
520 _aLand Agency and Agriculture Division B copy filed at enquiry desk whilst current edition.
650 _aABOUT RICS-RICS MEMBERS
650 _aCONSULTANTS
650 _aDIRECTORIES
650 _aFARM MANAGEMENT
942 _n0
948 _c04/03/1997
999 _c91914
_d91914